00901cam a22002531 4500999001500000001000600015003000900021005001700030008004100047020001500088040003000103082001900133100001800152245016800170250001200338260006300350300004100413500002000454650001500474650001200489700001700501942001200518952011700530 c5438d543818573BD-DhUAP20201222100046.0201212r20111987ii a 000 0 eng  a8121901464 aDLCcODaWUdBD-DhUAPbeng a620.11 KHU2231 aKhurmi, R. S.10aMaterials science : ba textbook for students of B.E./B. Tech. students of different technical universities & for A.M.I.E. courses /cR. S. Khurmi and R. S. Sedha. a1st ed. aNew Delhi :bS. Chand & Co. Ltd.,cc1997 [Reprinted 2011]. a367 pages :billustrations ;c24 cm. aIncludes index. 0aMaterials. 0aMetals. aSedha, R. S. 2ddccBK 00102ddc4070aUAPCLbUAPCLcGeneral Stacksd2020-12-12o620.11 KHUp3010018573r2020-12-12t1w2020-12-12yBK